| 000 | 00749nac a22002171u 4500 | ||
|---|---|---|---|
| 010 | _a 86030181 | ||
| 020 | _a0806964405 | ||
| 082 | 0 | 0 |
_a684.1 _bJOY |
| 090 |
_c7082 _d7082 |
||
| 100 | _aJoyce, Ernest. | ||
| 245 | 1 | 0 |
_aEncyclopedia of furniture making / _cby Ernest Joyce. |
| 250 |
_aRev. and expanded / _bby Alan Peters ; technical consultant, Patrick Spielman. |
||
| 260 |
_aNew York : _bSterling Pub. Co.,c.1987. _cc.1987. |
||
| 300 |
_a519 p., [12] p. of plates : _bill. (some col.) ; _c26 cm. |
||
| 500 | _aIncludes index. | ||
| 500 | _aDistributer: Al-Ahram. | ||
| 511 | _aCatalogued By: Mahitab. | ||
| 650 | 0 | _aFurniture making. | |
| 700 | 1 |
_aPeters, Alan, _d1933- |
|
| 942 |
_cNB _k684.1JOY |
||
| 999 |
_c7082 _d7082 |
||